00366nam a2200133 a 4500008004100000020001500041050001900056100002000075245005100095250001200146260004300158300002200201350000900223120416s1986 ||||||||||||||||| || u a0442317514 aHJ 9925.G7 Pub aHenley, Douglas10aPublic sector accounting and financial control a2nd ed. aBerkshirebVan Nostrand Reinholdc1986 axiv, 290p. : ill. a0.00